000 01757nam a22002657a 4500
100 _aBu, C
245 _aOptimization of the water-cement ratio of rubberized ceramsite concrete
260 _bJournal of Rubber Research, 26(1): 27-36
_c2023
300 _bFebruary
520 _aWaste-rubberized ceramsite concrete is an improvised building material that is suitable for lightweight wall panels, which can significantly reduce the bulk density of buildings. In this study, the effects of different water–cement ratios on the mechanical properties, water absorption, ultrasonic velocity, and sulfate corrosion resistance of waste-rubberized ceramsite concrete were investigated, and scanning electron microscopy (SEM) was used to study the microscopic interface. The test results show that the water–cement ratio of 0.45 is optimal. The compressive strength, water absorption rate, and ultrasonic velocity of the specimen first increased and then decreased as the water–cement ratio increased. The sulfate corrosion resistance of specimens with a high water–cement ratio is weaker than that of specimens with a low water–cement ratio. It is of great significance to explore the optimal water–cement ratio of the waste-rubberized ceramsite concrete for further research, and it has important production guidance significance for commercial applications.
650 _aCeramsite concrete
650 _aWaste rubber
650 _aDurability
650 _aCompressive strength
650 _aWater-cement ratio
700 _aZhu, D
700 _aLu, X
700 _aLiu, L
700 _aSun, Y
700 _aYu, L
700 _aZhang, W
700 _aXiao, T
856 _uhttps://doi.org/10.1007/s42464-023-00195-6
942 _cJS
999 _c75115
_d75115